000 00378nam a22001697a 4500
003 MPLRDC
005 20220104124101.0
008 210129b ||||| |||| 00| 0 eng d
082 _a177.3 ZM
100 _a章明著
245 _a朋友之间
_c
250 _a三版
260 _a
_b万里文化企业公司
_c1973
300 _b
650 _a
942 _cBK
_o177.3 ZM
999 _c16522
_d16512